000 00579nam a22001817a 4500
999 _c2879
_d2879
008 160528b xxu||||| |||| 00| 0 eng d
020 _a9710869787
082 _22009
_aDFil 342.09599
_bAr1
100 _99570
_aAralar, Reynaldo B.
245 _aLocal government code of 1991:
_bannotations and jurisprudence/
_cReynaldo B. Aralar
250 _a2009 Edition
260 _aMandaluyong City:
_bNational Book Store,
_cc2009.
300 _axxi, 597 pages:
_c23 cm.
500 _aInclude appendices.
650 0 _99573
_aLocal government
365 _b875.00
_cPhp.
942 _2ddc
_cDFIL